000 00580nam a2200193 4500
003 SEACOMEC
005 20240319123538.0
008 240319b |||||||| |||| 00| 0 eng d
020 _a978-93-5213-730-5
_cRs.1250.00
040 _aSEACOMEC
041 _aEnglish
082 _a005.133
_bA325
100 _aAlbon, Chris
245 _aMachine Learning with Python Cookbook
_bPractical Solutions from Preprocessing to Deep Learning
_cChris Albon
260 _aNew Delhi
_bSPD
_c2023
300 _a349p
_c23cm
650 _aComputer Programming,
_vProgramming languages
942 _cBOOK
999 _c831
_d831